Последнее средство. Дело о скрученном шарфе: пер. с англ.

Detaylı Bibliyografya
Yazar: Стаут Р. Рекс
Özet:Исключено из фонда НТБ ТПУ
Dil:Rusça
Baskı/Yayın Bilgisi: Москва, Восхождение, 1990
Materyal Türü: MixedMaterials Kitap
KOHA link:https://koha.lib.tpu.ru/cgi-bin/koha/opac-detail.pl?biblionumber=141520

MARC

LEADER 00000nam0a2200000 4500
001 141520
005 20231031142448.0
010 |a 5858460011 
035 |a (RuTPU)RU\TPU\book\153413 
090 |a 141520 
100 |a 20080821d1990 m y0rusy50 ca 
101 1 |a rus  |c eng 
102 |a RU 
105 |a a z 000ay 
200 1 |a Последнее средство. Дело о скрученном шарфе  |e пер. с англ.  |f Р. Стаут 
210 |a Москва  |c Восхождение  |d 1990 
215 |a 240 с.  |c ил. 
333 |a Исключено из фонда НТБ ТПУ 
700 1 |a Стаут  |b Р.  |g Рекс 
801 1 |a RU  |b 63413507  |c 20080821  |g PSBO 
801 2 |a RU  |b 63413507  |c 20161114  |g RCR 
942 |c BK